LIBRARY & INFORMATION CENTRE, KCAET, TAVANUR

ONLINE PUBLIC ACCESS CATALOGUE (OPAC)

Renewable energy sources and conversion technology / (Record no. 10292)

MARC details
000 -LEADER
fixed length control field 00495cam a2200181ua 4500
003 - CONTROL NUMBER IDENTIFIER
control field OSt
008 - FIXED-LENGTH DATA ELEMENTS--GENERAL INFORMATION
fixed length control field 240119b |||||||| |||| 00| 0 eng d
041 ## - LANGUAGE CODE
Language code of text/sound track or separate title eng
082 ## - DEWEY DECIMAL CLASSIFICATION NUMBER
Classification number 621.47
Item number BAN/RE
100 ## - MAIN ENTRY--AUTHOR NAME
Personal name Bansal, N K .
245 ## - TITLE STATEMENT
Title Renewable energy sources and conversion technology /
250 ## - EDITION STATEMENT
Edition statement 1 /
260 ## - PUBLICATION, DISTRIBUTION, ETC. (IMPRINT)
Place of publication New Delhi :
Name of publisher Tata Mc-Graw Hill Publishing Company ,
Year of publication 1990.
300 ## - PHYSICAL DESCRIPTION
Number of Pages 454 ; .
700 1# - ADDED ENTRY--PERSONAL NAME
Personal name Kleemann, M .
700 1# - ADDED ENTRY--PERSONAL NAME
Personal name Meliss, M .
942 ## - ADDED ENTRY ELEMENTS (KOHA)
Koha item type Books
Holdings
Withdrawn status Lost status Damaged status Home library Current library Shelving location Date acquired Full call number Accession Number Koha item type
      KAUAET KAUAET Shelf- 7A 07/04/2012 621.47 BAN/RE 16936 Books
Withdrawn     KAUAET KAUAET   07/04/2012 621.042 17702 Books
free website counter